000 00274nam a22001337a 4500
020 _a81-204-0288-x
041 _aENG
100 _aChambers .R
245 _aManaging Canal Irrigation
260 _aDelhi
_bOxford
_c1992
300 _a279
650 _aIDE
856 _uIDE
999 _c390
_d390